LEADER 03539nas a2200697 a 4500
001 c000156468
003 CARM
005 20190107085659.0
008 741105c19709999cauar1 1uu0 0eng
010 |a 74080849 //r74 
019 1 |a 974804  |5 LACONCORD2021 
022 0 |a 0094-7474  |z 0146-1303 
030 |a PSCCD6 
035 |a (OCoLC)1790859  |5 LACONCORD2021 
040 |d NSDP  |d m.c.  |d NSDP  |d SER  |d OCoLC  |d AIP  |d NSL 
042 |a lc  |a nsdp 
050 0 0 |a QA76  |b .S863a 
082 1 |a 001.6/424/06  |2 19 
111 2 |a Summer Computer Simulation Conference. 
210 0 |a Proc. Summer Comput. Simul. Conf. 
222 0 |a Proceedings of the Summer Computer Simulation Conference 
245 1 0 |a Proceedings of the Summer Computer Simulation Conference. 
260 |a La Jolla, Calif. :  |b Simulation Councils,  |c 1970- 
300 |a v. :  |b ill. ;  |c 28 cm. 
362 1 |a Began with 1970. 
500 |a Description based on: 1983. 
510 2 |a Engineering index annual (1968)  |x 0360-8557 
510 2 |a Engineering index monthly (1984)  |x 0742-1974 
510 2 |a Engineering index bioengineering abstracts  |x 0736-6213 
510 2 |a Engineering index energy abstracts  |x 0093-8408 
510 2 |a Chemical abstracts  |x 0009-2258 
550 |a Conferences for 19 -71 sponsored by Association for Computing Machinery and others; 1972 by American Institute of Aeronautics and Astronautics and others; 1973-<74> by American Institute of Chemical Engineers and others; <1983>-: by The Society for Computer Simulation. 
650 0 |a Computer simulation  |x Congresses. 
650 0 |a Digital computer simulation  |x Congresses. 
710 2 |a Association for Computing Machinery. 
710 2 |a American Institute of Aeronautics and Astronautics. 
710 2 |a American Institute of Chemical Engineers. 
710 2 |a Society for Computer Simulation. 
780 0 0 |a Conference on Applications of Continuous System Simulation Languages  |t Proceedings 
852 8 |b CARM  |h A2:AL23C3  |i D02448  |p 0138117  |j 1970-1971  |f SE 
852 8 |b CARM  |h A2:AM16D0  |i D05216  |p 0200381  |j 1979  |f SE 
852 8 |b CARM  |i F10628  |p 0650527  |j 1(1972)  |f SE 
852 8 |b CARM  |i F10629  |p 0650528  |j 2(1972),1976-1978  |f SE 
852 8 |b CARM  |i F10630  |p 0650530  |j 1(1984)-2(1984)  |f SE 
852 8 |b SCAN  |h A3:AP34C0  |i F10628  |p 0650527  |f SE 
852 8 |b SCAN  |h A3:AP34C0  |i F10630  |p 0650530  |f SE 
852 8 |b SCAN  |h A3:AQ30D0  |i F10629  |p 0650528  |f SE 
852 8 |b SCAN  |h A3:AP34C0  |i F10628  |p 0650527  |f SE 
852 8 |b SCAN  |h A3:AP34C0  |i F10630  |p 0650530  |f SE 
852 8 |b SCAN  |h A3:AQ30D0  |i F10629  |p 0650528  |f SE 
866 0 |a 1970-1984 Inc. 
265 |a P.O. Box 2228, 92037 
999 f f |i dc49842d-31e8-5db2-a3d2-23a81e283ad0  |s 3c5bddf5-7b84-5173-ad99-100e7bcda8f2 
952 f f |p Can circulate  |a CAVAL  |b CAVAL  |c CAVAL  |d CARM 1 Store  |e F10630  |h Other scheme  |i book  |k 1(1984)-2(1984)  |m 0650530 
952 f f |p Can circulate  |a CAVAL  |b CAVAL  |c CAVAL  |d CARM 1 Store  |e D02448  |f A2:AL23C3  |h Other scheme  |i book  |k 1970-1971  |m 0138117 
952 f f |p Can circulate  |a CAVAL  |b CAVAL  |c CAVAL  |d CARM 1 Store  |e D05216  |f A2:AM16D0  |h Other scheme  |i book  |k 1979  |m 0200381 
952 f f |p Can circulate  |a CAVAL  |b CAVAL  |c CAVAL  |d CARM 1 Store  |e F10628  |h Other scheme  |i book  |k 1(1972)  |m 0650527 
952 f f |p Can circulate  |a CAVAL  |b CAVAL  |c CAVAL  |d CARM 1 Store  |e F10629  |h Other scheme  |i book  |k 2(1972),1976-1978  |m 0650528 
952 f f |a CAVAL  |b CAVAL  |c CAVAL  |d Unmapped Location  |e F10630  |f A3:AP34C0  |h Other scheme 
952 f f |a CAVAL  |b CAVAL  |c CAVAL  |d Unmapped Location  |e F10628  |f A3:AP34C0  |h Other scheme 
952 f f |a CAVAL  |b CAVAL  |c CAVAL  |d Unmapped Location  |e F10629  |f A3:AQ30D0  |h Other scheme